Medagliere Pentathlon moderno ai Giochi Olimpici - Statistics

Statistiche generali
  • Questo quiz è stato fatto 11 volte
  • Il punteggio medio è 11 su 16
Statistiche sulle risposte
Medaglie complessive Medaglie d'Oro Medaglie d'Argento Medaglie di Bronzo Rappresentativa olimpica % Corretto
7 2 2 3 Italia
100%
3 0 1 2 Francia
89%
3 2 0 1 Germania
89%
5 4 1 0 Russia
89%
9 0 6 3 Stati Uniti
89%
4 3 0 1 Polonia
78%
21 9 7 5 Svezia
78%
15 5 5 5 Unione Sovietica
78%
5 0 1 4 Finlandia
67%
2 0 1 1 Ucraina
67%
9 4 2 3 Gran Bretagna
56%
2 0 1 1 Squadra Unificata
56%
23 9 8 6 Ungheria
56%
2 0 1 1 Cecoslovacchia
44%
2 1 0 1 Repubblica Ceca
33%
5 1 3 1 Lituania
22%
Nessun quiz corrispondente trovato
Distribuzione punteggi
Percentuale di utenti per punteggio
Percentile per numero di risposta
I tuoi punteggi nel tempo
Non hai fatto questo quiz